Movie by Where the Protagonist Ends Up Quiz Stats

 Plays Quiz not verified by Sporcle

Also try: Movie Kisses
Challenge
Share
Tweet
Embed
Score 0/24 Timer 15:00
0 Plays Today
% Correct
Charlie Bucket, Willy Wonka and the Chocolate Factory
96.4%
Red, The Shawshank Redemption
92.5%
Katniss Everdeen, The Hunger Games: Catching Fire
91.1%
Shaun, Shaun of the Dead
90.2%
Chuck Noland, Cast Away
89.8%
Cooper, Interstellar
87.5%
Ferris Bueller, Ferris Bueller's Day Off
87.2%
Dr. Frederick Frankenstein, Young Frankenstein
87.2%
Jordan Belfort, The Wolf of Wall Street
86.2%
Dirk Diggler, Boogie Nights
85.9%
Benjamin Braddock, The Graduate
83.9%
Django, Django Unchained
83.9%
% Correct
Captain America, Captain America: The First Avenger
83.6%
Jay Baruchel, This is the End
83%
Ryan Stone, Gravity
83%
Charlie Croker, The Italian Job (1969)
81.3%
King Arthur, Monty Python and the Holy Grail
80%
Marty McFly, Back to the Future Part III
80%
Batman, The Dark Knight
78.4%
Jim McAllister, Election
75.1%
Rick Deckard, Blade Runner
74.4%
James Bond, Moonraker
74.1%
Sam Shakufsky, Moonrise Kingdom
69.2%
Ralph, Wreck-It Ralph
67.2%

You're not logged in!

Compare scores with friends on all Sporcle quizzes.
OR
Log In

You Might Also Like...

Show Comments

Extras

Top Quizzes Today


Score Distribution

Your Account Isn't Verified!

In order to create a playlist on Sporcle, you need to verify the email address you used during registration. Go to your Sporcle Settings to finish the process.

Report this User

Report this user for behavior that violates our Community Guidelines.

Details: